Lý luận và phương pháp thể thao trẻ Sách dùng bồi dưỡng kiến thức cho nghiên cứu sinh, huấn luận viên thể thao, sinh viên các trường Đại học TDTT...

Αποθηκεύτηκε σε:
Λεπτομέρειες βιβλιογραφικής εγγραφής
Κύριος συγγραφέας: Lê Bửu
Άλλοι συγγραφείς: Nguyễn Thế Truyền
Μορφή: Βιβλίο
Γλώσσα:Vietnamese
Έκδοση: Tp. Hồ Chí Minh Sở TDTT 1991
Θέματα:
Ετικέτες: Προσθήκη ετικέτας
Δεν υπάρχουν, Καταχωρήστε ετικέτα πρώτοι!
Thư viện lưu trữ: Trung tâm Học liệu Lê Vũ Hùng, Trường Đại học Đồng Tháp
LEADER 00952pam a22002298a 4500
001 00024865
005 20171026081025.0
008 110724s1991 ||||||viesd
041 0 # |a vie 
082 1 4 |a 796.07  |b L600L 
100 1 # |a Lê Bửu 
245 1 0 |a Lý luận và phương pháp thể thao trẻ  |b Sách dùng bồi dưỡng kiến thức cho nghiên cứu sinh, huấn luận viên thể thao, sinh viên các trường Đại học TDTT...  |c Lê Bửu, Nguyễn Thế Truyền 
260 # # |a Tp. Hồ Chí Minh  |b Sở TDTT  |c 1991 
300 # # |a 96tr.  |c 21 cm. 
650 # 4 |a Phương pháp 
650 # 4 |a Thể thao 
700 1 # |a Nguyễn Thế Truyền 
852 # # |b Kho mượn  |j KM.0002201 
852 # # |b Kho đọc  |j KD.0010089 
852 # # |j KM.0002201  |j KD.0010089 
910 0 # |a Ntuyet  |d 24/07/2011 
980 # # |a Trung tâm Học liệu Lê Vũ Hùng, Trường Đại học Đồng Tháp